Thirteen Letter Words A-Z - Statistics

General Stats
  • This quiz has been taken 44 times
  • The average score is 14 of 26
Answer Stats
Hint Answer % Correct
F boxing class below lightweight featherweight
97%
M weather scientist meteorologist
95%
C it's π times longer than a diameter circumference
92%
H what LSD can cause hallucination
92%
I what improv is short for improvisation
92%
R rebirth of a soul in another body reincarnation
82%
D protest march, usually about a political issue demonstration
76%
T the most famous species is Rex tyrannosaurus
74%
A TV program polluter, trying to sell you stuff you don't need advertisement
71%
L you can drive the length of this country in 35 minutes Liechtenstein
71%
U sympathetic tolerance; also, comprehension understanding
63%
Q written questions for a survey questionnaire
61%
S sport using a narrow wheeled board skateboarding
55%
W public discloser of corporate wrongdoing whistleblower
50%
J legal system; the theory of law jurisprudence
47%
V studier of volcanoes vulcanologist
45%
N requiring necessitating
42%
G relating to a state governor gubernatorial
37%
O bird that really does eat oysters oystercatcher
32%
P late 20th century art style postmodernism
21%
B pretty, flowering but thorny tropical plant bougainvillea
18%
E existing power structure in society establishment
16%
X abnormal dryness of the eyeball {xero}phthalmia
16%
K choirmaster (orig German) {kapell}meister
11%
Y yellow throated birds yellowthroats
0%
Z of a bird, having 2 forward and 2 backward toes zygo{dactyl}ous
0%
No matching quizzes found
Score Distribution
Percent of People with Each Score
Percentile by Number Answered
Your Score History
You have not taken this quiz